| 000 | 00394nam a2200145Ia 4500 | ||
|---|---|---|---|
| 008 | 151213s9999 xx 000 0 und d | ||
| 100 | _aHaun-Ur Rashid | ||
| 245 |
_aSystematic List OF the Birds Of East Pakistan _cHaun-Ur Rashid |
||
| 260 |
_aDhaka _bAsiatic Socitey _c1967 |
||
| 300 | _a7185 p. | ||
| 650 | _aBangla | ||
| 650 | _aBangla Literature | ||
| 700 | _aHaun-Ur Rashid | ||
| 999 |
_c3823 _d3823 |
||